Flags of the World but Nordic #6 - Statistics

General Stats
  • This quiz has been taken 206 times
  • The average score is 17 of 20
Answer Stats
Picture Answer % Correct
Lebanon
99%
Andorra
98%
Papua New Guinea
98%
Guatemala
96%
Malta
95%
Ecuador
94%
eSwatini
92%
Lesotho
92%
North Macedonia
92%
Zambia
90%
Kiribati
88%
Chad
87%
Madagascar
83%
Eritrea
81%
Bulgaria
80%
Mauritania
78%
Tuvalu
77%
Lithuania
74%
Gambia
71%
Maldives
71%
No matching quizzes found
Score Distribution
Percent of People with Each Score
Percentile by Number Answered
Your Score History
You have not taken this quiz